01619cam a2200325 a 450000100090000000300050000900500170001400800410003101000170007202000280008902000250011704000180014204200080016004300120016805000260018008200230020610000190022924500750024826000440032330000240036750505640039165000350095565000280099065000410101865000280105965000270108765000560111465100640117065100590123416900121NUST20221117124047.0110802s2011 enk b 001 0deng  a 2011431894 a978-0-19-906477-9(hbk.) a9781849040495 (pbk.) aDLCcDLCdDLC apcc aa-bg---00aDS395.7.A2bB67 2011b00a954.92051, BOS2231 aBose, Sarmila.10aDead reckoning :bmemories of the 1971 Bangladesh War /cSarmila Bose. aPakistanbUnion Enterprises Pub c2011. ax, 239 p. ;c23 cm.0 aIntroduction: Memories in conflict (Page-1), Call to arms : Bengali nationalist rebellion (Page-17),Military inaction : power without responsibility (Page-29),Military action : "Operation Searchlight" in Dhaka (Page-47),Uncivil war : mobs, mutinies, and madness (Page-71),Village of widows : "securing" the countryside (Page-97),Hounding of Hindus : the politics of minority persecution (Page-115),Hit and run : sabotage and retribution (Page-127),Fratricide : death squads at war's end (Page-149),Words and numbers : memories and monstrous fables (Page-161). 0aCollective memoryzBangladesh. 0aInterviewszBangladesh. 0aWar victimszBangladeshvInterviews. 0aInterviewszBangladesh. 0aBangladeshvBiography. 0aWar and societyzBangladeshxHistoryy20th century. 0aBangladeshxHistoryyRevolution, 1971vPersonal narratives. 0aBangladeshxHistoryyRevolution, 1971xSocial aspects.